000 00568nam a2200217 a 4500
001 6121
003 CO-ViMGA
008 141112s2004 ck r 000 u spa d
020 _a8485729897
040 _aCO-ViMGA
_bspa
_cCO-ViMGA
082 0 4 _a371.625 P172
100 1 _aParcerisa, A
_94758
245 1 0 _aColonias escolares :
_borganización, actividades y recursos
250 _a1
260 _aBarcelona :
_bGraó,
_c1988
300 _a95 p
490 _aEl lapiz
650 1 4 _aPASEOS ESCOLARES
_94759
650 1 4 _aVACACIONES ESCOLARES
_94760
942 _2ddc
_cBK
999 _c18095
_d18095